| 000 | 00664nam a2200265Ia 4500 | ||
|---|---|---|---|
| 008 | 160319s9999 xx 000 0 und d | ||
| 020 | _a9780374174781 | ||
| 050 | _aFil Fic 823.92 | ||
| 050 | _bS982i 2010 | ||
| 100 | _aSyjuco, Miguel | ||
| 245 | _aIlustrado / | ||
| 245 | _cMiguel Syjuco. | ||
| 250 | _a!st edition. | ||
| 260 | _aNew York : | ||
| 260 | _bFarrar, Straus and Giroux. | ||
| 260 | _c2010 | ||
| 300 | _a304 pages : | ||
| 300 | _c24 cm. | ||
| 650 | _aAuthors, Filipino -- | ||
| 650 | _aExperimental fiction. | ||
| 650 | _aMurder -- Investigation -- | ||
| 650 | _xDomestic fiction. | ||
| 650 | _xFiction. | ||
| 650 | _xFiction. | ||
| 999 |
_c292344 _d292344 |
||